[Event "Titled Tuesday intern op 24th Sep Late"]
[Site "Chess.com INT"]
[Date "2024.09.24"]
[Round "6"]
[White "Santos, Renato Andrade"]
[Black "Dias, Simao Poscidonio"]
[Result "0-1"]
[WhiteElo "2140"]
[BlackElo "2102"]
[PlyCount "28"]
[EventDate "2024.09.24"]
[EventType "swiss (blitz)"]
[EventRounds "11"]
[EventCountry "USA"]
[SourceTitle "EXT 2025"]
[Source "ChessBase"]
[SourceDate "2024.10.14"]
[SourceVersion "1"]
[SourceVersionDate "2024.10.14"]
[SourceQuality "1"]

1. e4 c5 2. d4 cxd4 3. c3 g6 4. Nf3 Bg7 5. Bc4 dxc3 6. Nxc3 Nh6 7. e5 0-0 8. 0-0 Nc6 9. Qe2 d6 10. e6 fxe6 11. Bxe6+ Kh8 12. Bxh6 Bxh6 13. Nd5 Rxf3 14. gxf3 Nd4 0-1

[Event "Titled Tuesday intern op 17th Sep Early"]
[Site "Chess,com INT"]
[Date "2024.09.17"]
[Round "2"]
[White "Santos, Renato Andrade"]
[Black "Perske, Thore"]
[Result "0-1"]
[WhiteElo "2140"]
[BlackElo "2450"]
[PlyCount "52"]
[EventDate "2024.09.17"]
[EventType "swiss (blitz)"]
[EventRounds "11"]
[EventCountry "USA"]
[SourceTitle "EXT 2025"]
[Source "ChessBase"]
[SourceDate "2024.10.14"]
[SourceVersion "1"]
[SourceVersionDate "2024.10.14"]
[SourceQuality "1"]

1. e4 e6 2. d4 d5 3. e5 c5 4. c3 Qb6 5. Nf3 Bd7 6. Na3 Nc6 7. Nc2 f6 8. Bd3 fxe5 9. Nxe5 Nxe5 10. dxe5 g6 11. 0-0 Bg7 12. Re1 Ne7 13. f4 0-0 14. Be3 Qc7 15. Qg4 Nf5 16. Bxf5 Rxf5 17. Bf2 Raf8 18. g3 b6 19. Ne3 R5f7 20. Qh4 Bc6 21. h3 Bb7 22. Kh2 Qc6 23. Rg1 Bxe5 24. Ng4 Bg7 25. Nh6+ Bxh6 26. Qxh6 Rf5 0-1

[Event "Titled Tuesday intern op 13th Aug Early"]
[Site "Chess.com INT"]
[Date "2024.08.13"]
[Round "6"]
[White "Alonso, Raphael VP Patricio"]
[Black "Santos, Renato Andrade"]
[Result "1-0"]
[WhiteElo "2170"]
[BlackElo "2140"]
[PlyCount "41"]
[EventDate "2024.08.13"]
[EventType "swiss (blitz)"]
[EventRounds "11"]
[EventCountry "USA"]
[SourceTitle "EXT 2025"]
[Source "ChessBase"]
[SourceDate "2024.10.14"]
[SourceVersion "1"]
[SourceVersionDate "2024.10.14"]
[SourceQuality "1"]

1. d4 Nf6 2. c4 c5 3. e3 g6 4. Nc3 Bg7 5. g3 0-0 6. Nge2 d5 7. cxd5 Nxd5 8. Bg2 Nxc3 9. bxc3 cxd4 10. cxd4 Nc6 11. 0-0 e5 12. Bb2 exd4 13. Nxd4 Qb6 14. Qb3 Nxd4 15. exd4 Bxd4 16. Qxb6 Bxb6 17. Bf6 Be6 18. Bxb7 Rab8 19. Bg2 Bd8 20. Be5 Rb5 21. Bd6 1-0

[Event "Titled Tuesday intern op 13th Aug Early"]
[Site "Chess.com INT"]
[Date "2024.08.13"]
[Round "9"]
[White "Ardila, Oscar Humberto"]
[Black "Santos, Renato Andrade"]
[Result "1-0"]
[WhiteElo "1973"]
[BlackElo "2140"]
[PlyCount "73"]
[EventDate "2024.08.13"]
[EventType "swiss (blitz)"]
[EventRounds "11"]
[EventCountry "USA"]
[SourceTitle "EXT 2025"]
[Source "ChessBase"]
[SourceDate "2024.10.14"]
[SourceVersion "1"]
[SourceVersionDate "2024.10.14"]
[SourceQuality "1"]

1. d4 Nf6 2. c4 c5 3. d5 g6 4. Nc3 Bg7 5. Nf3 0-0 6. e3 d6 7. Be2 a6 8. 0-0 b5 9. cxb5 axb5 10. Bxb5 Ba6 11. Qe2 Bxb5 12. Qxb5 Nbd7 13. a4 Qa5 14. Bd2 Rfb8 15. Qxa5 Rxa5 16. Nb5 Ra6 17. Nc7 Ra7 18. Nb5 Rab7 19. Bc3 Nxd5 20. Bxg7 Kxg7 21. Rfd1 Nb4 22. e4 Nb6 23. Nc3 Nc4 24. b3 Na5 25. Rab1 Nbc6 26. Nb5 Rxb5 27. axb5 Rxb5 28. Nd2 Rb4 29. f3 Nd4 30. Kf2 e6 31. Ke3 d5 32. exd5 exd5 33. Kd3 Ndxb3 34. Nxb3 Nxb3 35. Kc3 d4+ 36. Kc2 d3+ 37. Kc3 1-0

[Event "Titled Tuesday intern op 13th Aug Early"]
[Site "Chess.com INT"]
[Date "2024.08.13"]
[Round "11"]
[White "Maksimovic, Masa"]
[Black "Santos, Renato Andrade"]
[Result "1-0"]
[WhiteElo "2094"]
[BlackElo "2140"]
[PlyCount "53"]
[EventDate "2024.08.13"]
[EventType "swiss (blitz)"]
[EventRounds "11"]
[EventCountry "USA"]
[SourceTitle "EXT 2025"]
[Source "ChessBase"]
[SourceDate "2024.10.14"]
[SourceVersion "1"]
[SourceVersionDate "2024.10.14"]
[SourceQuality "1"]

1. e4 c5 2. Nf3 Nc6 3. d4 cxd4 4. Nxd4 g6 5. Nc3 Bg7 6. Be3 Nf6 7. Nxc6 bxc6 8. e5 Ng8 9. Bd4 Qa5 10. f4 f6 11. Qe2 fxe5 12. Bxe5 Nf6 13. 0-0-0 0-0 14. Kb1 d6 15. Qc4+ Kh8 16. Bd4 Bf5 17. Bd3 Bxd3 18. Rxd3 c5 19. Bg1 Rab8 20. b3 Rb4 21. Qe6 Rxf4 22. Be3 Rg4 23. g3 Qd8 24. Rf1 Qe8 25. Rxf6 Rxf6 26. Qxg4 Rf1+ 27. Kb2 1-0

[Event "Titled Tuesday intern op 13th Aug Early"]
[Site "Chess.com INT"]
[Date "2024.08.13"]
[Round "7"]
[White "Santos, Renato Andrade"]
[Black "Vidyarthi, Omya"]
[Result "0-1"]
[WhiteElo "2140"]
[BlackElo "2065"]
[PlyCount "98"]
[EventDate "2024.08.13"]
[EventType "swiss (blitz)"]
[EventRounds "11"]
[EventCountry "USA"]
[SourceTitle "EXT 2025"]
[Source "ChessBase"]
[SourceDate "2024.10.14"]
[SourceVersion "1"]
[SourceVersionDate "2024.10.14"]
[SourceQuality "1"]

1. e4 e5 2. Nc3 Nf6 3. Bc4 Nxe4 4. Qh5 Nd6 5. Bb3 Be7 6. Nf3 0-0 7. h4 Nc6 8. Ng5 h6 9. Qg6 Bxg5 10. hxg5 Ne7 11. Qh5 Nef5 12. d3 Kh7 13. gxh6 g6 14. Qg5 Qxg5 15. Bxg5 f6 16. Bd2 c6 17. Ne4 Nxe4 18. dxe4 Nd4 19. 0-0-0 a5 20. Bc4 b5 21. Bd3 d6 22. Be3 Ne6 23. g3 Bb7 24. f4 d5 25. fxe5 fxe5 26. Rdf1 d4 27. Bd2 c5 28. Rxf8 Rxf8 29. Bxa5 c4 30. Be2 Bxe4 31. Rf1 Rxf1+ 32. Bxf1 Kxh6 33. a4 bxa4 34. Bxc4 Nc5 35. Bb4 Nb7 36. Bb5 Kg5 37. Bxa4 Kg4 38. Bb5 Kxg3 39. Ba6 Kf3 40. Bxb7 Bxb7 41. Bd6 e4 42. Kd1 g5 43. Ke1 g4 44. b4 g3 45. Kf1 Ba6+ 46. Kg1 g2 47. Bc5 d3 48. cxd3 exd3 49. b5 d2 0-1

[Event "Titled Tuesday intern op 23rd Jul Early"]
[Site "Chess.com INT"]
[Date "2024.07.23"]
[Round "2"]
[White "Goh, Zi Han"]
[Black "Santos, Renato Andrade"]
[Result "0-1"]
[WhiteElo "2319"]
[BlackElo "2140"]
[PlyCount "80"]
[EventDate "2024.07.23"]
[EventType "swiss (blitz)"]
[EventRounds "11"]
[EventCountry "USA"]
[SourceTitle "EXT 2025"]
[Source "ChessBase"]
[SourceDate "2024.10.14"]
[SourceVersion "1"]
[SourceVersionDate "2024.10.14"]
[SourceQuality "1"]

1. c4 Nf6 2. g3 g6 3. Bg2 Bg7 4. Nf3 0-0 5. 0-0 d6 6. d4 Nc6 7. Nc3 e5 8. d5 Ne7 9. e4 Nd7 10. Rb1 a5 11. a3 b6 12. b4 Ba6 13. Qb3 h6 14. Ne1 f5 15. Nd3 a4 16. Qa2 g5 17. exf5 Nxf5 18. Ne4 Nd4 19. b5 Bc8 20. Nb4 Nc5 21. Be3 Bf5 22. Bxd4 exd4 23. Rbe1 Nxe4 24. Bxe4 Bh3 25. Bg2 Bxg2 26. Kxg2 Qf6 27. Qe2 Rae8 28. Qxe8 Qf3+ 29. Kg1 Rxe8 30. Rxe8+ Kh7 31. Rfe1 Qxa3 32. Nc6 Qc3 33. Nd8 a3 34. Rf1 a2 35. Ne6 a1Q 36. Re7 Qxf1+ 37. Kxf1 d3 38. Rxc7 d2 39. Ke2 Qc2 40. Rxg7+ Kh8 0-1

[Event "Titled Tuesday intern op 23rd Jul Early"]
[Site "Chess.com INT"]
[Date "2024.07.23"]
[Round "4"]
[White "Santos, Renato Andrade"]
[Black "Parfenov, Viktor N"]
[Result "0-1"]
[WhiteElo "2140"]
[BlackElo "2193"]
[PlyCount "61"]
[EventDate "2024.07.23"]
[EventType "swiss (blitz)"]
[EventRounds "11"]
[EventCountry "USA"]
[SourceTitle "EXT 2025"]
[Source "ChessBase"]
[SourceDate "2024.10.14"]
[SourceVersion "1"]
[SourceVersionDate "2024.10.14"]
[SourceQuality "1"]

1. e4 c6 2. Nf3 d5 3. exd5 cxd5 4. Ne5 Nc6 5. d4 e6 6. c3 Nxe5 7. dxe5 Ne7 8. Nd2 Nc6 9. Nf3 h6 10. Bd3 g5 11. h3 Bg7 12. Qe2 Qc7 13. Bb5 Bd7 14. Bxc6 bxc6 15. 0-0 a5 16. Re1 0-0 17. b3 f6 18. Ba3 Rf7 19. Bd6 Qb6 20. exf6 Bxf6 21. Ne5 Bxe5 22. Bxe5 Raf8 23. Bd4 c5 24. Be3 e5 25. f3 d4 26. Bf2 Bxh3 27. Qxe5 Bxg2 28. Kxg2 Rxf3 29. Qe6+ Qxe6 30. Rxe6 Rxf2+ 31. Kg3 0-1

[Event "Titled Tuesday intern op 09th Jul Early"]
[Site "Chess.com INT"]
[Date "2024.07.09"]
[Round "5"]
[White "Sultanbek, Zeinep"]
[Black "Santos, Renato Andrade"]
[Result "1-0"]
[WhiteElo "2122"]
[BlackElo "2140"]
[PlyCount "23"]
[EventDate "2024.07.09"]
[EventType "swiss (blitz)"]
[EventRounds "11"]
[EventCountry "USA"]
[SourceTitle "EXT 2025"]
[Source "ChessBase"]
[SourceDate "2024.10.14"]
[SourceVersion "1"]
[SourceVersionDate "2024.10.14"]
[SourceQuality "1"]

1. Nf3 Nf6 2. g3 g6 3. Bg2 Bg7 4. 0-0 0-0 5. d4 d6 6. c4 Nc6 7. Nc3 e5 8. dxe5 Nxe5 9. Nxe5 dxe5 10. Qxd8 Rxd8 11. Bg5 c6 12. Ne4 1-0

[Event "Titled Tuesday intern op 02nd Jul Late"]
[Site "Chess.com INT"]
[Date "2024.07.02"]
[Round "1"]
[White "Santos, Renato Andrade"]
[Black "Kotyk, Michael"]
[Result "0-1"]
[WhiteElo "2140"]
[BlackElo "2127"]
[PlyCount "70"]
[EventDate "2024.07.02"]
[EventType "swiss (blitz)"]
[EventRounds "11"]
[EventCountry "USA"]
[SourceTitle "EXT 2025"]
[Source "ChessBase"]
[SourceDate "2024.10.14"]
[SourceVersion "1"]
[SourceVersionDate "2024.10.14"]
[SourceQuality "1"]

1. e4 c5 2. Nc3 a6 3. g3 b5 4. Bg2 Bb7 5. f4 e6 6. d3 d5 7. Nf3 b4 8. Ne2 Nf6 9. e5 Ng8 10. 0-0 h5 11. d4 Nh6 12. h3 Nc6 13. Be3 Nf5 14. Bf2 Qb6 15. c3 cxd4 16. cxd4 Be7 17. Rc1 a5 18. g4 hxg4 19. hxg4 Nh6 20. g5 Nf5 21. Re1 g6 22. Ng3 Nxg3 23. Bxg3 Kd7 24. Qd2 a4 25. Bf2 Na5 26. Bf1 Rac8 27. Rxc8 Rxc8 28. Rc1 Nc4 29. Bxc4 dxc4 30. Nh2 Qc6 31. d5 Qxd5 32. Qxd5+ Bxd5 33. Ng4 c3 34. bxc3 Rxc3 35. Rxc3 bxc3 0-1

[Event "Titled Tuesday intern op 25th Jun Late"]
[Site "Chess.com INT"]
[Date "2024.06.25"]
[Round "1"]
[White "Santos, Renato Andrade"]
[Black "Belli, Giorgio"]
[Result "1-0"]
[WhiteElo "2140"]
[BlackElo "2138"]
[PlyCount "29"]
[EventDate "2024.06.25"]
[EventType "swiss (blitz)"]
[EventRounds "11"]
[EventCountry "USA"]
[SourceTitle "EXT 2025"]
[Source "ChessBase"]
[SourceDate "2024.10.14"]
[SourceVersion "1"]
[SourceVersionDate "2024.10.14"]
[SourceQuality "1"]

1. e4 e5 2. Nc3 Nf6 3. Bc4 Bc5 4. d3 0-0 5. f4 d6 6. Nf3 Ng4 7. Ng5 h6 8. f5 Nf2 9. Qh5 hxg5 10. Bxg5 Qe8 11. Rf1 c6 12. Rxf2 d5 13. Rf3 g6 14. Qh6 f6 15. Rh3 1-0

[Event "Titled Tuesday intern op 18th Jun Early"]
[Site "Chess.com INT"]
[Date "2024.06.18"]
[Round "1"]
[White "Santos, Renato Andrade"]
[Black "Martin Fuentes, Alberto"]
[Result "0-1"]
[WhiteElo "2140"]
[BlackElo "2375"]
[PlyCount "74"]
[EventDate "2024.06.18"]
[EventType "swiss (blitz)"]
[EventRounds "11"]
[EventCountry "USA"]
[SourceTitle "EXT 2025"]
[Source "ChessBase"]
[SourceDate "2024.10.14"]
[SourceVersion "1"]
[SourceVersionDate "2024.10.14"]
[SourceQuality "1"]

1. e4 e6 2. d4 d5 3. e5 c5 4. c3 Nc6 5. Nf3 Qb6 6. Na3 cxd4 7. cxd4 Bxa3 8. bxa3 Nge7 9. Bd3 Bd7 10. Be3 Na5 11. Rb1 Qc7 12. 0-0 Rc8 13. Qe2 Nc4 14. Rfc1 h6 15. Nd2 b5 16. a4 a6 17. axb5 axb5 18. a4 bxa4 19. Nxc4 dxc4 20. Bxc4 Qd8 21. Bb5 0-0 22. Rxc8 Qxc8 23. Bxd7 Qxd7 24. Qa6 Nd5 25. h3 Rc8 26. Rb7 Qc6 27. Qxc6 Rxc6 28. Ra7 Rc4 29. Kf1 g5 30. Ke2 Kg7 31. Kd3 Rb4 32. Bd2 Rb3+ 33. Kc2 Ra3 34. Kb2 Rd3 35. Kc2 Rxd4 36. Ra5 Re4 37. f3 Re2 0-1

[Event "Titled Tuesday intern op 18th Jun Early"]
[Site "Chess.com INT"]
[Date "2024.06.18"]
[Round "2"]
[White "Santos, Renato Andrade"]
[Black "Md, Bashiq Imrose"]
[Result "0-1"]
[WhiteElo "2140"]
[BlackElo "2140"]
[PlyCount "130"]
[EventDate "2024.06.18"]
[EventType "swiss (blitz)"]
[EventRounds "11"]
[EventCountry "USA"]
[SourceTitle "EXT 2025"]
[Source "ChessBase"]
[SourceDate "2024.10.14"]
[SourceVersion "1"]
[SourceVersionDate "2024.10.14"]
[SourceQuality "1"]

1. e4 c6 2. Nf3 d5 3. exd5 cxd5 4. Ne5 Nc6 5. d4 a6 6. c3 Nxe5 7. dxe5 Bf5 8. Bd3 Bg6 9. 0-0 e6 10. Be3 Ne7 11. f4 Nc6 12. Bxg6 hxg6 13. Nd2 Qh4 14. Nf3 Qh5 15. h3 Be7 16. Qb3 b5 17. a4 Na5 18. Qc2 Nc4 19. Bf2 b4 20. cxb4 0-0 21. b3 Rfc8 22. bxc4 Rxc4 23. Qe2 Rxf4 24. Bc5 Re4 25. Qf2 Bd8 26. Rfe1 Rc4 27. Rec1 Re4 28. Re1 Rc4 29. Rac1 Rf4 30. Qg3 g5 31. Be3 Rxb4 32. Bxg5 Bb6+ 33. Kh2 Rb2 34. Qg4 Qg6 35. Be3 Bxe3 36. Rxe3 Qxg4 37. hxg4 Kh7 38. g5 Kg6 39. Kg3 Rb4 40. Ra3 Rh8 41. Rc6 a5 42. Ra6 Rh1 43. Rxa5 Rc1 44. Rb5 Re4 45. a5 Rcc4 46. a6 Rg4+ 47. Kh2 Rc2 48. Ne1 Re2 49. Ra1 Rh4+ 50. Kg3 Rh5 51. Nf3 Rh8 52. a7 Ra8 53. Rb8 Rxa7 54. Rxa7 Re4 55. Rbb7 d4 56. Rxf7 Re1 57. Nxd4 Re3+ 58. Nf3 Re2 59. Kf4 Rb2 60. Nh4+ Kh5 61. g4+ Kxh4 62. Rxg7 Rf2+ 63. Ke3 Rf1 64. Rh7+ Kxg4 65. g6 Re1+ 0-1

[Event "Titled Tuesday intern op 18th Jun Late"]
[Site "Chess.com INT"]
[Date "2024.06.18"]
[Round "4"]
[White "Santos, Renato Andrade"]
[Black "Zampronha, Wladimir Camilo"]
[Result "1/2-1/2"]
[WhiteElo "2140"]
[BlackElo "2119"]
[PlyCount "76"]
[EventDate "2024.06.18"]
[EventType "swiss (blitz)"]
[EventRounds "11"]
[EventCountry "USA"]
[SourceTitle "EXT 2025"]
[Source "ChessBase"]
[SourceDate "2024.10.14"]
[SourceVersion "1"]
[SourceVersionDate "2024.10.14"]
[SourceQuality "1"]

1. e4 c5 2. Nc3 Nc6 3. Nge2 e6 4. g3 Nf6 5. Bg2 d5 6. exd5 exd5 7. 0-0 d4 8. Ne4 Nxe4 9. Bxe4 Bh3 10. Re1 Be7 11. d3 Bg4 12. Qd2 0-0 13. Qf4 Be6 14. Bg2 Bd6 15. Qd2 Re8 16. a3 Qd7 17. Nf4 Bf5 18. Rxe8+ Rxe8 19. Qd1 Bg4 20. f3 Bf5 21. Bd2 Ne5 22. Qf1 b5 23. Re1 c4 24. g4 Bg6 25. Nxg6 hxg6 26. h3 cxd3 27. cxd3 f6 28. f4 Nf7 29. Rxe8+ Qxe8 30. Qe1 Qxe1+ 31. Bxe1 Bxf4 32. Bc6 Nd6 33. Bb4 Kf7 34. Bxd6 Bxd6 35. Bxb5 Ke6 36. Kg2 Ke5 37. Kf3 g5 38. Bd7 Bc5 1/2-1/2

[Event "Titled Tuesday intern op 18th Jun Early"]
[Site "Chess.com INT"]
[Date "2024.06.18"]
[Round "3"]
[White "Skaric, Djuro"]
[Black "Santos, Renato Andrade"]
[Result "0-1"]
[WhiteElo "2277"]
[BlackElo "2140"]
[PlyCount "96"]
[EventDate "2024.06.18"]
[EventType "swiss (blitz)"]
[EventRounds "11"]
[EventCountry "USA"]
[SourceTitle "EXT 2025"]
[Source "ChessBase"]
[SourceDate "2024.10.14"]
[SourceVersion "1"]
[SourceVersionDate "2024.10.14"]
[SourceQuality "1"]

1. g3 Nf6 2. Bg2 e5 3. d3 d5 4. Nf3 Nc6 5. Nc3 Bb4 6. 0-0 Bxc3 7. bxc3 h6 8. a4 0-0 9. h3 Be6 10. Ba3 Re8 11. Nd2 a5 12. Rb1 b6 13. Qe1 Qd7 14. Kh2 Rad8 15. e4 dxe4 16. Nxe4 Nxe4 17. Qxe4 Bd5 18. Qxd5 Qxd5 19. Bxd5 Rxd5 20. Rbe1 Red8 21. f4 f6 22. c4 R5d7 23. Kg2 Kf7 24. Kf3 exf4 25. gxf4 Nd4+ 26. Kg4 Nxc2 27. Bc1 Nxe1 28. Rxe1 Rxd3 29. Be3 Re8 30. Kf3 Rdxe3+ 31. Rxe3 Rxe3+ 32. Kxe3 f5 33. Kd4 Ke6 34. h4 c5+ 35. Kd3 Kf6 36. Ke3 Kg6 37. Kf3 Kh5 38. Kg3 g5 39. fxg5 hxg5 40. hxg5 Kxg5 41. Kf3 f4 42. Ke4 Kg4 43. Kd5 f3 44. Kc6 f2 45. Kxb6 f1Q 46. Kxa5 Qb1 47. Ka6 Qb4 48. a5 Kf4 0-1

[Event "Titled Tuesday intern op 28th May Early"]
[Site "Chess.com INT"]
[Date "2024.05.28"]
[Round "3"]
[White "Santos, Renato Andrade"]
[Black "Kunz, Andre"]
[Result "1-0"]
[WhiteElo "2140"]
[BlackElo "2183"]
[PlyCount "93"]
[EventDate "2024.05.28"]
[EventType "swiss (blitz)"]
[EventRounds "11"]
[EventCountry "USA"]
[SourceTitle "EXT 2025"]
[Source "ChessBase"]
[SourceDate "2024.10.14"]
[SourceVersion "1"]
[SourceVersionDate "2024.10.14"]
[SourceQuality "1"]

1. e4 c5 2. Nc3 Nc6 3. Nge2 Nf6 4. g3 d6 5. Bg2 g6 6. 0-0 Bg7 7. d3 0-0 8. h3 a6 9. Be3 b5 10. e5 Nxe5 11. Bxa8 d5 12. Nf4 d4 13. Bd2 dxc3 14. Bxc3 Ned7 15. Bg2 b4 16. Bd2 e5 17. Ne2 Nb6 18. Qc1 Re8 19. Bh6 Bh8 20. Kh2 Nbd5 21. c3 Bf5 22. Rd1 Qb6 23. Kg1 a5 24. Qd2 Nc7 25. d4 cxd4 26. cxd4 exd4 27. Nxd4 Bc8 28. Be3 Nfd5 29. Nc2 Nxe3 30. Nxe3 Ne6 31. Rac1 Ba6 32. Rc6 Qa7 33. Nd5 Nd4 34. Nc7 Rd8 35. Rxa6 Qxc7 36. Ra8 Rxa8 37. Bxa8 Qd7 38. Kh2 Qd8 39. Bg2 Bf6 40. Rc1 Kg7 41. Qf4 Qb6 42. Qe3 Qd6 43. Rd1 Qc5 44. b3 Qc2 45. Rd2 Qc1 46. Rxd4 Qxe3 47. fxe3 1-0

[Event "Titled Tuesday intern op 21st May Late"]
[Site "Chess.com INT"]
[Date "2024.05.21"]
[Round "6"]
[White "Calin, Alexandru"]
[Black "Santos, Renato Andrade"]
[Result "0-1"]
[WhiteElo "2182"]
[BlackElo "2140"]
[PlyCount "72"]
[EventDate "2024.05.21"]
[EventType "swiss (blitz)"]
[EventRounds "11"]
[EventCountry "USA"]
[SourceTitle "CBM 220 Extra"]
[Source "ChessBase"]
[SourceDate "2024.07.31"]
[SourceVersion "1"]
[SourceVersionDate "2024.07.31"]
[SourceQuality "1"]

1. e4 e6 2. d4 d5 3. Nc3 Nf6 4. Bg5 Bb4 5. exd5 Qxd5 6. Bxf6 Bxc3+ 7. bxc3 gxf6 8. Ne2 b6 9. f3 Bb7 10. Qd2 Nc6 11. Nf4 Qa5 12. Bd3 0-0-0 13. 0-0 Nxd4 14. Qe1 Nc6 15. a4 f5 16. Bb5 a6 17. Bd3 Kb8 18. Kh1 Qe5 19. Qh4 Qxc3 20. Ne2 Qg7 21. Rab1 Nd4 22. Qf2 Nxe2 23. Qxe2 Ka7 24. a5 e5 25. axb6+ cxb6 26. Ra1 Rxd3 27. Qxd3 Rg8 28. Qe2 e4 29. g3 exf3 30. Qf2 f4 31. Rfb1 Qf6 32. gxf4 Rg2 33. Rxa6+ Bxa6 34. Qxf3 Bb7 35. Qa3+ Kb8 36. Qf8+ Kc7 0-1

[Event "Titled Tuesday intern op 21st May Late"]
[Site "Chess.com INT"]
[Date "2024.05.21"]
[Round "8"]
[White "Radionov, Timur"]
[Black "Santos, Renato Andrade"]
[Result "0-1"]
[WhiteElo "2200"]
[BlackElo "2140"]
[PlyCount "66"]
[EventDate "2024.05.21"]
[EventType "swiss (blitz)"]
[EventRounds "11"]
[EventCountry "USA"]
[SourceTitle "CBM 220 Extra"]
[Source "ChessBase"]
[SourceDate "2024.07.31"]
[SourceVersion "1"]
[SourceVersionDate "2024.07.31"]
[SourceQuality "1"]

1. e4 e5 2. Nf3 Nc6 3. d4 d6 4. Bb5 Bd7 5. Bxc6 Bxc6 6. Nc3 Nf6 7. Qd3 exd4 8. Nxd4 Bd7 9. Bg5 h6 10. Bxf6 Qxf6 11. Nd5 Qd8 12. 0-0-0 Be7 13. Qg3 0-0 14. Nf5 Bxf5 15. exf5 Bf6 16. Rhe1 c6 17. Ne3 Qb6 18. Nc4 Qa6 19. Qb3 d5 20. Ne3 Rfe8 21. Kb1 Qb6 22. Qxb6 axb6 23. Ng4 Bd4 24. c3 Bc5 25. f3 h5 26. b4 hxg4 27. bxc5 gxf3 28. cxb6 fxg2 29. Rg1 Re2 30. Rde1 Raxa2 31. Rxe2 Rxe2 32. Kc1 Rf2 33. Kd1 Rf1+ 0-1

[Event "Titled Tuesday intern op 14th May Early"]
[Site "Chess.com INT"]
[Date "2024.05.14"]
[Round "6"]
[White "Klepikov, Nikita"]
[Black "Santos, Renato Andrade"]
[Result "0-1"]
[WhiteElo "2059"]
[BlackElo "2140"]
[PlyCount "78"]
[EventDate "2024.05.14"]
[EventType "swiss (blitz)"]
[EventRounds "11"]
[EventCountry "USA"]
[SourceTitle "EXT 2025"]
[Source "ChessBase"]
[SourceDate "2024.10.14"]
[SourceVersion "1"]
[SourceVersionDate "2024.10.14"]
[SourceQuality "1"]

1. e4 c5 2. Nf3 d6 3. d4 cxd4 4. Nxd4 Nf6 5. Nc3 g6 6. Bc4 Bg7 7. Be3 0-0 8. f3 Nc6 9. Qd2 Bd7 10. 0-0-0 Qa5 11. Kb1 Rfc8 12. Bb3 Ne5 13. Nd5 Qxd2 14. Rxd2 Nxd5 15. exd5 a5 16. a4 Nc4 17. Bxc4 Rxc4 18. b3 Rc3 19. Re1 Kf8 20. Bg5 Re8 21. Ne2 Rc5 22. c4 e5 23. Be3 Rcc8 24. Nc3 f5 25. Bb6 Ra8 26. Ra2 e4 27. Nb5 Bxb5 28. axb5 exf3 29. Rxe8+ Rxe8 30. Bxa5 fxg2 31. Rxg2 Ra8 32. Ra2 Kf7 33. Kc2 Be5 34. Kd3 b6 35. b4 bxa5 36. bxa5 Bxh2 37. b6 Bg1 38. b7 Rb8 39. a6 Kf6 0-1

[Event "Titled Tuesday intern op 14th May Early"]
[Site "Chess.com INT"]
[Date "2024.05.14"]
[Round "4"]
[White "Santos, Renato Andrade"]
[Black "Kekic, Armin"]
[Result "1-0"]
[WhiteElo "2140"]
[BlackElo "2138"]
[PlyCount "77"]
[EventDate "2024.05.14"]
[EventType "swiss (blitz)"]
[EventRounds "11"]
[EventCountry "USA"]
[SourceTitle "EXT 2025"]
[Source "ChessBase"]
[SourceDate "2024.10.14"]
[SourceVersion "1"]
[SourceVersionDate "2024.10.14"]
[SourceQuality "1"]

1. e4 c6 2. Nf3 d5 3. exd5 cxd5 4. Ne5 Nc6 5. d4 Bf5 6. Bb5 Rc8 7. 0-0 e6 8. c4 dxc4 9. Nc3 Nf6 10. Re1 Be7 11. Nxc6 bxc6 12. Bxc4 0-0 13. Bg5 Nd5 14. Bxe7 Nxe7 15. Qd2 Nd5 16. Bxd5 cxd5 17. h3 Rc4 18. b3 Rc6 19. Rac1 Qa5 20. Qb2 Rfc8 21. Ne2 h6 22. Rxc6 Rxc6 23. Rc1 Rxc1+ 24. Nxc1 Qe1+ 25. Kh2 a5 26. a3 Be4 27. b4 axb4 28. axb4 Qf1 29. f3 Bf5 30. b5 Qc4 31. b6 Qc8 32. b7 Qb8+ 33. Kh1 Kf8 34. Qb4+ Ke8 35. Qb6 Kd7 36. Nb3 e5 37. Nc5+ Ke8 38. dxe5 Qxe5 39. b8Q+ 1-0